000 00528nam a2200217Ia 4500
003 OSt
005 20140313145839.0
008 140130s9999 xx 000 0 und d
020 _a9780439858489
050 _aPZ 7
_b.B6234Sp 2006
100 _aBloom, Suzanne
245 _cSuzanne Bloom.
_aA splendid friend, indeed /
260 _bScholastic,
_c2006.
_aNew York :
300 _a40 p. :
_bcol. ill. ;
_c28 cm.
440 _v1
521 _aBR
526 _cBR
942 _cBK
_2lcc
999 _c41559
_d41559